[Event "DEM U12w 2025"]
[Site "Willingen GER"]
[Date "2025.06.14"]
[Round "9"]
[White "Chen, Yuefan"]
[Black "Sobczak, Zuzanna"]
[Result "0-1"]
[Termination "normal"]
[Board "5"]
[WhiteElo "1754"]
[BlackElo "1686"]
[WhiteClock "00:14:25"]
[BlackClock "00:15:56"]
[PlyCount "140"]
[WhiteFideId "34653910"]
[BlackFideId "34670050"]
[EventCountry "GER"]
[EventRounds "9"]
[EventType "swiss"]
[EventDate "2025.06.07"]

1. c4 {[%clk 01:30:58]} {[%emt 00:00:02]} e5 {[%clk 01:30:56]} {[%emt
00:00:05]} 2. Nc3 {[%clk 01:31:21]} {[%emt 00:00:07]} Nc6 {[%clk 01:31:21]}
{[%emt 00:00:05]} 3. g3 {[%clk 01:31:12]} {[%emt 00:00:39]} Bc5 {[%clk
01:31:19]} {[%emt 00:00:31]} 4. Bg2 {[%clk 01:30:40]} {[%emt 00:01:03]} Nf6
{[%clk 01:31:15]} {[%emt 00:00:34]} 5. e3 {[%clk 01:30:15]} {[%emt 00:00:54]}
O-O {[%clk 01:30:11]} {[%emt 00:01:34]} 6. Nge2 {[%clk 01:30:15]} {[%emt
00:00:30]} d6 {[%clk 01:28:49]} {[%emt 00:01:52]} 7. d4 {[%clk 01:26:22]}
{[%emt 00:04:24]} exd4 {[%clk 01:29:09]} {[%emt 00:00:10]} 8. exd4 {[%clk
01:26:46]} {[%emt 00:00:05]} Bb6 {[%clk 01:29:29]} {[%emt 00:00:11]} 9. O-O
{[%clk 01:26:09]} {[%emt 00:01:07]} Bg4 {[%clk 01:26:03]} {[%emt 00:03:55]} 10.
h3 {[%clk 01:24:36]} {[%emt 00:02:02]} Bh5 {[%clk 01:24:31]} {[%emt 00:02:02]}
11. g4 {[%clk 01:24:08]} {[%emt 00:00:59]} Bg6 {[%clk 01:24:53]} {[%emt
00:00:08]} 12. Bg5 {[%clk 01:22:44]} {[%emt 00:01:55]} h6 {[%clk 01:20:51]}
{[%emt 00:04:31]} 13. Bh4 {[%clk 01:21:47]} {[%emt 00:01:27]} Qd7 {[%clk
01:09:32]} {[%emt 00:11:50]} 14. Bxf6 {[%clk 01:20:12]} {[%emt 00:02:05]} gxf6
{[%clk 01:09:34]} {[%emt 00:00:28]} 15. Nd5 {[%clk 01:18:38]} {[%emt 00:02:03]}
Kg7 {[%clk 01:08:28]} {[%emt 00:01:36]} 16. Nxb6 {[%clk 01:15:56]} {[%emt
00:03:12]} axb6 {[%clk 01:08:47]} {[%emt 00:00:11]} 17. Ng3 {[%clk 01:12:44]}
{[%emt 00:03:42]} Nb4 {[%clk 01:04:16]} {[%emt 00:05:02]} 18. a3 {[%clk
01:02:20]} {[%emt 00:10:54]} Nc6 {[%clk 00:58:19]} {[%emt 00:06:25]} 19. f4
{[%clk 01:00:51]} {[%emt 00:01:59]} f5 {[%clk 00:54:43]} {[%emt 00:04:08]} 20.
g5 {[%clk 00:57:37]} {[%emt 00:03:43]} hxg5 {[%clk 00:54:53]} {[%emt 00:00:20]}
21. fxg5 {[%clk 00:57:57]} {[%emt 00:00:10]} Rh8 {[%clk 00:54:23]} {[%emt
00:00:59]} 22. Rf4 {[%clk 00:54:27]} {[%emt 00:04:01]} Qe6 {[%clk 00:51:59]}
{[%emt 00:02:55]} 23. Qd3 {[%clk 00:49:52]} {[%emt 00:05:04]} Rae8 {[%clk
00:45:50]} {[%emt 00:06:39]} 24. Nxf5+ {[%clk 00:44:33]} {[%emt 00:05:48]} Bxf5
{[%clk 00:46:08]} {[%emt 00:00:13]} 25. Rxf5 {[%clk 00:44:49]} {[%emt
00:00:15]} Qe3+ {[%clk 00:46:22]} {[%emt 00:00:16]} 26. Qxe3 {[%clk 00:45:12]}
{[%emt 00:00:06]} Rxe3 {[%clk 00:46:48]} {[%emt 00:00:04]} 27. Raf1 {[%clk
00:42:22]} {[%emt 00:03:20]} Rf8 {[%clk 00:46:42]} {[%emt 00:00:36]} 28. R5f4
{[%clk 00:36:29]} {[%emt 00:06:23]} Nd8 {[%clk 00:42:05]} {[%emt 00:05:08]} 29.
d5 {[%clk 00:32:44]} {[%emt 00:04:15]} c6 {[%clk 00:41:58]} {[%emt 00:00:37]}
30. Rf6 {[%clk 00:32:02]} {[%emt 00:01:11]} Rg3 {[%clk 00:39:19]} {[%emt
00:03:10]} 31. R6f5 {[%clk 00:25:14]} {[%emt 00:07:18]} Re8 {[%clk 00:34:00]}
{[%emt 00:05:48]} 32. Kh2 {[%clk 00:23:04]} {[%emt 00:02:39]} Rb3 {[%clk
00:33:24]} {[%emt 00:01:06]} 33. R1f2 {[%clk 00:22:55]} {[%emt 00:00:39]} b5
{[%clk 00:28:30]} {[%emt 00:05:25]} 34. cxb5 {[%clk 00:22:23]} {[%emt
00:01:02]} cxb5 {[%clk 00:28:46]} {[%emt 00:00:14]} 35. Rf6 {[%clk 00:22:33]}
{[%emt 00:00:20]} b4 {[%clk 00:28:34]} {[%emt 00:00:43]} 36. axb4 {[%clk
00:22:41]} {[%emt 00:00:22]} Rxb4 {[%emt 00:00:05]} 37. Rxd6 {[%clk 00:22:56]}
{[%emt 00:00:13]} b5 {[%clk 00:29:00]} {[%emt 00:00:31]} 38. Rb6 {[%clk
00:21:51]} {[%emt 00:01:34]} Re7 {[%clk 00:28:47]} {[%emt 00:00:43]} 39. d6
{[%clk 00:20:19]} {[%emt 00:02:02]} Rd7 {[%clk 00:29:00]} {[%emt 00:00:17]} 40.
Bd5 {[%clk 00:14:04]} {[%emt 00:06:44]} Kg6 {[%clk 00:24:33]} {[%emt 00:04:57]}
41. Rc2 {[%clk 00:13:02]} {[%emt 00:01:33]} Ne6 {[%clk 00:21:23]} {[%emt
00:03:40]} 42. Bc6 {[%clk 00:08:29]} {[%emt 00:05:03]} Rd8 {[%clk 00:18:47]}
{[%emt 00:03:06]} 43. d7 {[%clk 00:08:12]} {[%emt 00:00:47]} Nd4 {[%clk
00:15:47]} {[%emt 00:03:30]} 44. Bg2+ {[%clk 00:04:00]} {[%emt 00:04:42]} Kxg5
{[%clk 00:15:45]} {[%emt 00:00:32]} 45. Rd6 {[%clk 00:04:18]} {[%emt 00:00:11]}
Nxc2 {[%clk 00:16:04]} {[%emt 00:00:12]} 46. Rd5+ {[%clk 00:04:34]} {[%emt
00:00:14]} Kf6 {[%clk 00:16:11]} {[%emt 00:00:22]} 47. Rd2 {[%clk 00:05:00]}
{[%emt 00:00:05]} Nd4 {[%clk 00:15:59]} {[%emt 00:00:42]} 48. Rf2+ {[%clk
00:05:26]} {[%emt 00:00:05]} Ke7 {[%clk 00:16:14]} {[%emt 00:00:14]} 49. h4
{[%clk 00:05:50]} {[%emt 00:00:06]} Ne6 {[%clk 00:16:06]} {[%emt 00:00:38]} 50.
Kg3 {[%clk 00:06:07]} {[%emt 00:00:13]} Rxd7 {[%clk 00:16:26]} {[%emt
00:00:10]} 51. h5 {[%clk 00:06:34]} {[%emt 00:00:03]} Rd8 {[%clk 00:15:54]}
{[%emt 00:01:02]} 52. Bf3 {[%clk 00:06:54]} {[%emt 00:00:09]} Rh8 {[%clk
00:16:18]} {[%emt 00:00:06]} 53. Rh2 {[%clk 00:07:21]} {[%emt 00:00:04]} Kf6
{[%clk 00:14:13]} {[%emt 00:02:35]} 54. h6 {[%clk 00:07:45]} {[%emt 00:00:07]}
Kg6 {[%clk 00:11:30]} {[%emt 00:03:12]} 55. Bh5+ {[%clk 00:08:08]} {[%emt
00:00:07]} Kg5 {[%clk 00:10:47]} {[%emt 00:01:13]} 56. Bxf7 {[%clk 00:08:21]}
{[%emt 00:00:16]} Rb3+ {[%clk 00:11:09]} {[%emt 00:00:09]} 57. Kg2 {[%clk
00:08:48]} {[%emt 00:00:03]} Rxb2+ {[%clk 00:11:33]} {[%emt 00:00:07]} 58. Kg1
{[%clk 00:09:16]} {[%emt 00:00:01]} Rxh2 {[%clk 00:11:53]} {[%emt 00:00:09]}
59. Kxh2 {[%clk 00:09:45]} {[%emt 00:00:02]} Rxh6+ {[%clk 00:12:13]} {[%emt
00:00:10]} 60. Kg2 {[%clk 00:10:12]} {[%emt 00:00:03]} b4 {[%clk 00:12:27]}
{[%emt 00:00:44]} 61. Be8 {[%clk 00:10:28]} {[%emt 00:00:14]} b3 {[%clk
00:12:41]} {[%emt 00:00:16]} 62. Ba4 {[%clk 00:10:55]} {[%emt 00:00:03]} Nd4
{[%clk 00:12:58]} {[%emt 00:00:13]} 63. Bxb3 {[%clk 00:11:11]} {[%emt
00:00:15]} Nxb3 {[%clk 00:13:21]} {[%emt 00:00:06]} 64. Kf3 {[%clk 00:11:38]}
{[%emt 00:00:02]} Kf5 {[%clk 00:13:45]} {[%emt 00:00:07]} 65. Ke3 {[%clk
00:12:06]} {[%emt 00:00:02]} Rh3+ {[%clk 00:14:06]} {[%emt 00:00:09]} 66. Ke2
{[%clk 00:12:33]} {[%emt 00:00:03]} Kf4 {[%clk 00:14:24]} {[%emt 00:00:11]} 67.
Kf2 {[%clk 00:13:01]} {[%emt 00:00:03]} Rh2+ {[%clk 00:14:49]} {[%emt
00:00:05]} 68. Ke1 {[%clk 00:13:29]} {[%emt 00:00:02]} Kf3 {[%clk 00:15:07]}
{[%emt 00:00:12]} 69. Kd1 {[%clk 00:13:56]} {[%emt 00:00:03]} Ke3 {[%clk
00:15:32]} {[%emt 00:00:04]} 70. Ke1 {[%clk 00:14:25]} {[%emt 00:00:02]} Rh1#
{[%clk 00:15:56]} {[%emt 00:00:06]} 0-1

[Event "DEM U12w 2025"]
[Site "Willingen GER"]
[Date "2025.06.14"]
[Round "9"]
[White "Döscher, Nayla"]
[Black "Tischlinger, Lara"]
[Result "0-1"]
[Termination "normal"]
[Board "6"]
[WhiteElo "1495"]
[BlackElo "1592"]
[WhiteClock "00:15:21"]
[BlackClock "00:23:29"]
[PlyCount "96"]
[WhiteFideId "34625046"]
[BlackFideId "34663401"]
[EventCountry "GER"]
[EventRounds "9"]
[EventType "swiss"]
[EventDate "2025.06.07"]

1. e4 {[%clk 01:30:58]} d5 {[%clk 01:30:55]} {[%emt 00:00:06]} 2. exd5 {[%clk
01:30:28]} {[%emt 00:01:00]} Nf6 {[%clk 01:31:18]} {[%emt 00:00:07]} 3. Nc3
{[%clk 01:24:44]} {[%emt 00:06:14]} Nxd5 {[%clk 01:31:35]} {[%emt 00:00:14]} 4.
Nxd5 {[%clk 01:22:05]} {[%emt 00:03:09]} Qxd5 {[%clk 01:31:57]} {[%emt
00:00:08]} 5. Nf3 {[%clk 01:20:56]} {[%emt 00:01:38]} Nc6 {[%clk 01:31:32]}
{[%emt 00:00:55]} 6. Be2 {[%clk 01:18:52]} {[%emt 00:02:34]} e5 {[%clk
01:23:09]} {[%emt 00:08:53]} 7. d3 {[%clk 01:16:54]} {[%emt 00:02:29]} Be7
{[%clk 01:14:41]} {[%emt 00:08:57]} 8. O-O {[%clk 01:15:46]} {[%emt 00:01:37]}
O-O {[%clk 01:13:57]} {[%emt 00:01:16]} 9. Be3 {[%clk 01:12:59]} {[%emt
00:03:03]} f5 {[%clk 01:01:21]} {[%emt 00:13:19]} 10. h3 {[%clk 01:02:07]}
{[%emt 00:11:21]} Qd6 {[%clk 00:55:08]} {[%emt 00:06:44]} 11. Bg5 {[%clk
00:53:29]} {[%emt 00:08:57]} Bxg5 {[%clk 00:48:13]} {[%emt 00:07:36]} 12. Nxg5
{[%clk 00:53:41]} {[%emt 00:00:18]} Qg6 {[%clk 00:42:14]} {[%emt 00:06:29]} 13.
Nf3 {[%clk 00:50:42]} {[%emt 00:03:29]} Be6 {[%clk 00:31:14]} {[%emt 00:11:29]}
14. Re1 {[%clk 00:46:26]} {[%emt 00:04:46]} e4 {[%clk 00:23:01]} {[%emt
00:08:44]} 15. Nd2 {[%clk 00:43:01]} {[%emt 00:03:55]} Rad8 {[%clk 00:14:50]}
{[%emt 00:08:42]} 16. Bf1 {[%clk 00:32:40]} {[%emt 00:10:50]} Qh6 {[%clk
00:07:48]} {[%emt 00:07:31]} 17. Nb3 {[%clk 00:26:43]} {[%emt 00:06:28]} b6
{[%clk 00:06:42]} {[%emt 00:01:37]} 18. Qe2 {[%clk 00:22:02]} {[%emt 00:05:11]}
Bxb3 {[%clk 00:05:27]} {[%emt 00:01:44]} 19. axb3 {[%clk 00:22:09]} {[%emt
00:00:23]} exd3 {[%clk 00:05:39]} {[%emt 00:00:19]} 20. cxd3 {[%clk 00:18:49]}
{[%emt 00:03:49]} Nd4 {[%clk 00:03:42]} {[%emt 00:02:27]} 21. Qd1 {[%clk
00:18:36]} {[%emt 00:00:44]} a5 {[%clk 00:02:58]} {[%emt 00:01:13]} 22. Re7
{[%clk 00:17:23]} {[%emt 00:01:43]} Qd6 {[%clk 00:03:06]} {[%emt 00:00:20]} 23.
Re1 {[%clk 00:16:41]} {[%emt 00:01:11]} Rfe8 {[%clk 00:03:01]} {[%emt
00:00:37]} 24. Rxe8+ {[%clk 00:15:23]} {[%emt 00:01:49]} Rxe8 {[%clk 00:03:26]}
{[%emt 00:00:05]} 25. Rc1 {[%clk 00:14:07]} {[%emt 00:01:46]} c5 {[%clk
00:03:10]} {[%emt 00:00:47]} 26. Qh5 {[%clk 00:10:28]} {[%emt 00:04:08]} Re6
{[%clk 00:02:53]} {[%emt 00:00:47]} 27. Qd1 {[%clk 00:09:48]} {[%emt 00:01:09]}
Rg6 {[%clk 00:03:02]} {[%emt 00:00:21]} 28. Kh1 {[%clk 00:09:10]} {[%emt
00:01:09]} Qf4 {[%clk 00:02:39]} {[%emt 00:00:53]} 29. f3 {[%clk 00:07:48]}
{[%emt 00:01:52]} Qe5 {[%clk 00:02:08]} {[%emt 00:01:01]} 30. Qe1 {[%clk
00:02:49]} {[%emt 00:05:29]} Re6 {[%clk 00:01:46]} {[%emt 00:00:51]} 31. Qxe5
{[%clk 00:02:34]} {[%emt 00:00:46]} Rxe5 {[%clk 00:02:11]} {[%emt 00:00:06]}
32. Kg1 {[%clk 00:02:22]} {[%emt 00:00:40]} Nxb3 {[%clk 00:01:37]} {[%emt
00:01:05]} 33. Rd1 {[%clk 00:01:33]} {[%emt 00:01:18]} Nd4 {[%clk 00:01:53]}
{[%emt 00:00:15]} 34. Kf2 {[%clk 00:01:20]} {[%emt 00:00:43]} f4 {[%clk
00:01:40]} {[%emt 00:00:43]} 35. g3 {[%clk 00:01:05]} {[%emt 00:00:45]} fxg3+
{[%clk 00:01:48]} {[%emt 00:00:21]} 36. Kxg3 {[%clk 00:01:10]} {[%emt
00:00:25]} Kf7 {[%clk 00:02:03]} {[%emt 00:00:16]} 37. f4 {[%clk 00:00:40]}
{[%emt 00:01:01]} Re3+ {[%clk 00:02:09]} {[%emt 00:00:23]} 38. Kg4 {[%clk
00:00:41]} {[%emt 00:00:28]} Kf6 {[%clk 00:02:10]} {[%emt 00:00:30]} 39. Rd2
{[%clk 00:00:37]} {[%emt 00:00:34]} g6 {[%clk 00:02:04]} {[%emt 00:00:36]} 40.
f5 {[%clk 00:00:36]} {[%emt 00:00:31]} gxf5+ {[%clk 00:01:19]} {[%emt
00:01:15]} 41. Kh5 {[%clk 00:26:13]} {[%emt 00:04:53]} Rf3 {[%clk 00:24:29]}
{[%emt 00:07:20]} 42. Bg2 {[%clk 00:23:09]} {[%emt 00:03:33]} Rg3 {[%clk
00:24:32]} {[%emt 00:00:26]} 43. Bf1 {[%clk 00:18:19]} {[%emt 00:05:21]} f4
{[%clk 00:22:41]} {[%emt 00:02:21]} 44. Rf2 {[%clk 00:14:55]} {[%emt 00:03:51]}
Rg5+ {[%clk 00:22:22]} {[%emt 00:00:52]} 45. Kh6 {[%clk 00:15:09]} {[%emt
00:00:17]} Nf5 {[%clk 00:22:44]} {[%emt 00:00:08]} 46. Kxh7 {[%clk 00:15:22]}
{[%emt 00:00:17]} Rh5+ {[%clk 00:23:07]} {[%emt 00:00:07]} 47. Kg8 {[%clk
00:15:11]} {[%emt 00:00:40]} Ne7+ {[%clk 00:23:29]} {[%emt 00:00:09]} 48. Kf8
{[%clk 00:15:21]} {[%emt 00:00:20]} Rh8# {[%emt 00:00:06]} 0-1

[Event "DEM U12w 2025"]
[Site "Willingen GER"]
[Date "2025.06.14"]
[Round "9"]
[White "Birkenheier, Larissa"]
[Black "Nönnig, Lotte"]
[Result "1-0"]
[Termination "normal"]
[Board "7"]
[WhiteElo "1486"]
[BlackElo "1735"]
[WhiteClock "00:19:09"]
[BlackClock "00:31:53"]
[PlyCount "105"]
[WhiteFideId "34626379"]
[BlackFideId "34611509"]
[EventCountry "GER"]
[EventRounds "9"]
[EventType "swiss"]
[EventDate "2025.06.07"]

1. e4 {[%clk 01:30:57]} {[%emt 00:00:02]} e5 {[%clk 01:30:39]} {[%emt
00:00:22]} 2. Nf3 {[%clk 01:31:14]} {[%emt 00:00:13]} Nc6 {[%clk 01:30:58]}
{[%emt 00:00:12]} 3. Bc4 {[%clk 01:31:24]} {[%emt 00:00:20]} Bc5 {[%clk
01:31:10]} {[%emt 00:00:18]} 4. d3 {[%clk 01:31:35]} {[%emt 00:00:19]} Nf6
{[%clk 01:30:52]} {[%emt 00:00:47]} 5. c3 {[%clk 01:31:35]} {[%emt 00:00:30]}
d6 {[%clk 01:30:19]} {[%emt 00:01:03]} 6. a4 {[%clk 01:31:13]} {[%emt
00:00:52]} a6 {[%clk 01:29:24]} {[%emt 00:01:25]} 7. O-O {[%clk 01:30:30]}
{[%emt 00:01:13]} Ba7 {[%clk 01:28:07]} {[%emt 00:01:47]} 8. Nbd2 {[%clk
01:28:53]} {[%emt 00:02:06]} O-O {[%clk 01:27:44]} {[%emt 00:00:54]} 9. Re1
{[%clk 01:27:40]} {[%emt 00:01:43]} Nh5 {[%clk 01:26:33]} {[%emt 00:01:41]} 10.
Nf1 {[%clk 01:12:13]} {[%emt 00:15:57]} Qf6 {[%clk 01:24:25]} {[%emt 00:02:39]}
11. Ng3 {[%clk 00:55:33]} {[%emt 00:17:09]} Nxg3 {[%emt 00:03:43]} 12. hxg3
{[%clk 00:55:05]} {[%emt 00:00:50]} Qg6 {[%clk 01:16:16]} {[%emt 00:05:34]} 13.
Be3 {[%clk 00:46:01]} {[%emt 00:09:33]} Be6 {[%clk 01:10:38]} {[%emt 00:06:08]}
14. Bb3 {[%clk 00:39:49]} {[%emt 00:06:42]} Rad8 {[%clk 01:03:08]} {[%emt
00:08:00]} 15. Bxe6 {[%clk 00:25:14]} {[%emt 00:15:04]} Qxe6 {[%clk 00:58:32]}
{[%emt 00:05:07]} 16. Qc2 {[%clk 00:21:20]} {[%emt 00:04:22]} Kh8 {[%clk
00:54:09]} {[%emt 00:04:55]} 17. d4 {[%clk 00:17:17]} {[%emt 00:04:33]} exd4
{[%clk 00:50:28]} {[%emt 00:04:11]} 18. cxd4 {[%clk 00:15:45]} {[%emt
00:02:01]} d5 {[%clk 00:47:04]} {[%emt 00:03:55]} 19. e5 {[%clk 00:14:07]}
{[%emt 00:02:08]} h6 {[%clk 00:44:28]} {[%emt 00:03:07]} 20. Rad1 {[%clk
00:13:20]} {[%emt 00:01:15]} f6 {[%clk 00:41:13]} {[%emt 00:03:45]} 21. Qg6
{[%clk 00:11:31]} {[%emt 00:02:18]} Ne7 {[%clk 00:39:38]} {[%emt 00:02:07]} 22.
Qc2 {[%clk 00:08:23]} {[%emt 00:03:38]} c6 {[%clk 00:38:22]} {[%emt 00:01:46]}
23. Bf4 {[%clk 00:06:42]} {[%emt 00:02:11]} fxe5 {[%clk 00:28:39]} {[%emt
00:10:13]} 24. Rxe5 {[%clk 00:05:40]} {[%emt 00:01:32]} Qg6 {[%clk 00:27:03]}
{[%emt 00:02:05]} 25. Qe2 {[%clk 00:04:12]} {[%emt 00:01:58]} Nf5 {[%clk
00:24:15]} {[%emt 00:03:19]} 26. Qd3 {[%clk 00:04:11]} {[%emt 00:00:30]} Qf7
{[%clk 00:23:22]} {[%emt 00:01:24]} 27. Rde1 {[%clk 00:03:55]} {[%emt
00:00:44]} Bb8 {[%clk 00:21:16]} {[%emt 00:02:38]} 28. Re6 {[%clk 00:02:39]}
{[%emt 00:01:45]} Bxf4 {[%clk 00:20:00]} {[%emt 00:01:47]} 29. gxf4 {[%clk
00:02:58]} {[%emt 00:00:11]} Nd6 {[%clk 00:19:12]} {[%emt 00:01:18]} 30. Ne5
{[%clk 00:02:04]} {[%emt 00:01:24]} Qf5 {[%clk 00:14:33]} {[%emt 00:05:09]} 31.
Ng6+ {[%clk 00:02:13]} {[%emt 00:00:21]} Kh7 {[%clk 00:14:14]} {[%emt
00:00:50]} 32. Nxf8+ {[%clk 00:02:17]} {[%emt 00:00:26]} Rxf8 {[%clk 00:14:26]}
{[%emt 00:00:18]} 33. Qxf5+ {[%clk 00:02:13]} {[%emt 00:00:33]} Nxf5 {[%clk
00:14:49]} {[%emt 00:00:07]} 34. Rd1 {[%clk 00:02:07]} {[%emt 00:00:35]} Rd8
{[%clk 00:13:46]} {[%emt 00:01:34]} 35. g4 {[%clk 00:01:36]} {[%emt 00:01:01]}
Nd6 {[%clk 00:13:03]} {[%emt 00:01:13]} 36. f3 {[%clk 00:01:18]} {[%emt
00:00:47]} Nc4 {[%clk 00:12:04]} {[%emt 00:01:29]} 37. b3 {[%clk 00:01:38]}
{[%emt 00:00:11]} Nd6 {[%clk 00:11:17]} {[%emt 00:01:16]} 38. Rde1 {[%clk
00:01:56]} {[%emt 00:00:12]} Kh8 {[%clk 00:10:32]} {[%emt 00:01:16]} 39. f5
{[%clk 00:01:32]} {[%emt 00:00:55]} Nf7 {[%clk 00:09:22]} {[%emt 00:01:39]} 40.
f6 {[%clk 00:00:57]} {[%emt 00:01:05]} gxf6 {[%clk 00:08:23]} {[%emt 00:01:29]}
41. Rxf6 {[%clk 00:01:07]} {[%emt 00:00:19]} Kg7 {[%clk 00:08:20]} {[%emt
00:00:33]} 42. Rfe6 {[%clk 00:01:00]} {[%emt 00:00:37]} Nd6 {[%clk 00:06:03]}
{[%emt 00:02:47]} 43. R1e5 {[%clk 00:00:42]} {[%emt 00:00:48]} Nf7 {[%clk
00:03:28]} {[%emt 00:03:05]} 44. Re7 {[%clk 00:29:19]} {[%emt 00:01:53]} b5
{[%clk 00:32:37]} {[%emt 00:01:22]} 45. Rf5 {[%clk 00:22:19]} {[%emt 00:07:28]}
Rf8 {[%clk 00:32:35]} {[%emt 00:00:33]} 46. Rc7 {[%clk 00:21:57]} {[%emt
00:00:53]} bxa4 {[%clk 00:32:16]} {[%emt 00:00:50]} 47. bxa4 {[%clk 00:22:13]}
{[%emt 00:00:13]} Kg8 {[%clk 00:32:11]} {[%emt 00:00:33]} 48. Rxc6 {[%clk
00:22:02]} {[%emt 00:00:42]} Ra8 {[%clk 00:31:47]} {[%emt 00:00:55]} 49. Rxd5
{[%clk 00:21:23]} {[%emt 00:01:09]} Kf8 {[%clk 00:31:54]} {[%emt 00:00:22]} 50.
Ra5 {[%clk 00:21:12]} {[%emt 00:00:41]} Rd8 {[%clk 00:31:54]} {[%emt 00:00:31]}
51. Rcxa6 {[%clk 00:18:51]} {[%emt 00:02:51]} Rxd4 {[%clk 00:31:37]} {[%emt
00:00:46]} 52. Rf5 {[%clk 00:18:54]} {[%emt 00:00:26]} Kg7 {[%clk 00:31:53]}
{[%emt 00:00:14]} 53. Ra7 {[%clk 00:19:09]} {[%emt 00:00:16]} 1-0

[Event "DEM U12w 2025"]
[Site "Willingen GER"]
[Date "2025.06.14"]
[Round "9"]
[White "Tiuca, Emma"]
[Black "Suryaprakash, Smrithi"]
[Result "0-1"]
[Termination "normal"]
[Board "8"]
[WhiteElo "1434"]
[BlackElo "1731"]
[WhiteClock "00:35:21"]
[BlackClock "00:35:13"]
[PlyCount "94"]
[WhiteFideId "4007549"]
[BlackFideId "34637826"]
[EventCountry "GER"]
[EventRounds "9"]
[EventType "swiss"]
[EventDate "2025.06.07"]

1. e4 {[%clk 01:30:56]} {[%emt 00:00:02]} c5 {[%clk 01:30:44]} {[%emt
00:00:17]} 2. d4 {[%clk 01:31:15]} {[%emt 00:00:10]} cxd4 {[%clk 01:30:59]}
{[%emt 00:00:16]} 3. c3 {[%clk 01:31:36]} {[%emt 00:00:08]} Nf6 {[%clk
01:31:24]} {[%emt 00:00:07]} 4. e5 {[%clk 01:31:34]} {[%emt 00:00:30]} Nd5
{[%clk 01:31:47]} {[%emt 00:00:08]} 5. Bc4 {[%clk 01:31:10]} {[%emt 00:00:54]}
Qc7 {[%clk 01:28:21]} {[%emt 00:03:56]} 6. Qe2 {[%clk 01:25:32]} {[%emt
00:06:07]} Nb6 {[%clk 01:27:13]} {[%emt 00:01:40]} 7. Bb3 {[%clk 01:23:51]}
{[%emt 00:02:09]} d3 {[%clk 01:25:35]} {[%emt 00:02:09]} 8. Qe4 {[%clk
01:19:22]} {[%emt 00:04:55]} Nc6 {[%clk 01:23:18]} {[%emt 00:02:52]} 9. Bf4
{[%clk 01:18:35]} {[%emt 00:01:15]} e6 {[%clk 01:23:13]} {[%emt 00:00:37]} 10.
Nf3 {[%clk 01:17:24]} {[%emt 00:01:39]} d5 {[%clk 01:17:17]} {[%emt 00:06:27]}
11. exd6 {[%clk 01:16:16]} {[%emt 00:01:38]} Bxd6 {[%clk 01:17:31]} {[%emt
00:00:16]} 12. Bxd6 {[%clk 01:16:18]} {[%emt 00:00:28]} Qxd6 {[%clk 01:17:54]}
{[%emt 00:00:08]} 13. Nbd2 {[%clk 01:15:56]} {[%emt 00:00:50]} O-O {[%clk
01:16:26]} {[%emt 00:01:59]} 14. O-O-O {[%clk 01:12:03]} {[%emt 00:04:22]} Qe7
{[%clk 01:12:28]} {[%emt 00:04:29]} 15. h4 {[%clk 01:10:54]} {[%emt 00:01:37]}
Na5 {[%clk 01:05:48]} {[%emt 00:07:10]} 16. g4 {[%clk 01:08:08]} {[%emt
00:03:16]} Bd7 {[%clk 01:02:38]} {[%emt 00:03:42]} 17. g5 {[%clk 01:07:12]}
{[%emt 00:01:24]} Bc6 {[%clk 00:58:57]} {[%emt 00:04:13]} 18. Qg4 {[%clk
01:03:40]} {[%emt 00:04:00]} Nxb3+ {[%clk 00:56:47]} {[%emt 00:02:42]} 19. Nxb3
{[%clk 01:03:36]} {[%emt 00:00:32]} Nc4 {[%clk 00:55:05]} {[%emt 00:02:14]} 20.
Rh3 {[%clk 01:01:11]} {[%emt 00:02:52]} Bxf3 {[%clk 00:51:06]} {[%emt
00:04:31]} 21. Qxf3 {[%clk 01:00:55]} {[%emt 00:00:44]} a5 {[%clk 00:50:12]}
{[%emt 00:01:27]} 22. h5 {[%clk 00:58:04]} {[%emt 00:03:20]} Qxg5+ {[%clk
00:48:04]} {[%emt 00:02:39]} 23. Kb1 {[%clk 00:57:12]} {[%emt 00:01:21]} a4
{[%clk 00:47:36]} {[%emt 00:00:59]} 24. Qe4 {[%clk 00:53:54]} {[%emt 00:03:44]}
axb3 {[%clk 00:45:05]} {[%emt 00:03:06]} 25. Qxc4 {[%clk 00:53:52]} {[%emt
00:00:30]} bxa2+ {[%emt 00:00:40]} 26. Ka1 {[%clk 00:54:12]} {[%emt 00:00:08]}
Rfd8 {[%clk 00:43:31]} {[%emt 00:01:56]} 27. Rhh1 {[%clk 00:53:25]} {[%emt
00:01:17]} Qf5 {[%clk 00:37:41]} {[%emt 00:06:21]} 28. Qh4 {[%clk 00:50:11]}
{[%emt 00:03:40]} h6 {[%clk 00:35:46]} {[%emt 00:02:28]} 29. Rhg1 {[%clk
00:49:36]} {[%emt 00:01:05]} d2 {[%clk 00:35:37]} {[%emt 00:00:40]} 30. Qh1
{[%clk 00:42:30]} {[%emt 00:07:34]} Qxf2 {[%clk 00:30:31]} {[%emt 00:05:38]}
31. Rgf1 {[%clk 00:40:51]} {[%emt 00:02:07]} Qe2 {[%clk 00:30:41]} {[%emt
00:00:20]} 32. Qh4 {[%clk 00:39:51]} {[%emt 00:01:26]} Qxf1 {[%clk 00:29:39]}
{[%emt 00:01:37]} 33. Qg4 {[%clk 00:33:54]} {[%emt 00:06:26]} Qf5 {[%clk
00:30:03]} {[%emt 00:00:08]} 34. Qg1 {[%clk 00:31:43]} {[%emt 00:02:40]} Qb1+
{[%clk 00:30:07]} {[%emt 00:00:27]} 35. Rxb1 {[%clk 00:32:02]} {[%emt
00:00:10]} axb1=Q+ {[%clk 00:30:29]} {[%emt 00:00:09]} 36. Kxb1 {[%clk
00:32:22]} {[%emt 00:00:07]} d1=Q+ {[%clk 00:30:51]} {[%emt 00:00:11]} 37. Qxd1
{[%clk 00:32:42]} {[%emt 00:00:09]} Rxd1+ {[%clk 00:31:18]} {[%emt 00:00:03]}
38. Kc2 {[%clk 00:33:01]} {[%emt 00:00:11]} Rdd8 {[%clk 00:31:44]} {[%emt
00:00:05]} 39. Kb3 {[%clk 00:33:14]} {[%emt 00:00:16]} f5 {[%clk 00:32:07]}
{[%emt 00:00:08]} 40. Kb4 {[%clk 00:33:31]} {[%emt 00:00:12]} f4 {[%clk
00:32:32]} {[%emt 00:00:05]} 41. Kb5 {[%clk 00:33:51]} {[%emt 00:00:10]} f3
{[%clk 00:32:56]} {[%emt 00:00:07]} 42. Kb6 {[%clk 00:34:12]} {[%emt 00:00:09]}
f2 {[%clk 00:33:23]} {[%emt 00:00:03]} 43. Kxb7 {[%clk 00:34:29]} {[%emt
00:00:12]} f1=Q {[%clk 00:33:48]} {[%emt 00:00:06]} 44. c4 {[%clk 00:34:28]}
{[%emt 00:00:31]} Qh1+ {[%clk 00:34:04]} {[%emt 00:00:14]} 45. Kb6 {[%clk
00:34:49]} {[%emt 00:00:09]} Rdc8 {[%clk 00:34:23]} {[%emt 00:00:11]} 46. c5
{[%clk 00:35:02]} {[%emt 00:00:16]} Rab8+ {[%clk 00:34:47]} {[%emt 00:00:06]}
47. Ka5 {[%clk 00:35:21]} {[%emt 00:00:11]} Qa1# {[%clk 00:35:13]} {[%emt
00:00:05]} 0-1